000 00588nam a22002057a 4500
005 20251108164229.0
008 250721s1980 xx 000 0 ara d
082 1 4 _a784.095669/أحم
100 1 _aعلي، أحمد
245 1 0 _aالموسيقى و الغناء في الكويت /
264 1 _aالكويت :
_bشركة الربيعان للنشر و التوزيع،
_c1980.
300 _a121ص
650 1 7 _aالأغاني
650 1 7 _aالموسيقى
650 1 7 _aالتاريخ
650 1 7 _aالنقد
650 1 7 _aالكويت
942 _2ddc
_cBK
999 _c6976
_d6976